Search the Library Catalogue
| 000 -LEADER | |
|---|---|
| fixed length control field | 00605nam a2200157Ia 4500 |
| 008 - FIXED-LENGTH DATA ELEMENTS--GENERAL INFORMATION | |
| fixed length control field | 250718s9999 xx 000 0 und d |
| 020 ## - INTERNATIONAL STANDARD BOOK NUMBER | |
| ISBN | 9780141439938 |
| 082 ## - DEWEY DECIMAL CLASSIFICATION NUMBER | |
| Classification number | 942.066092 |
| Item number | PEP |
| 100 ## - MAIN ENTRY--AUTHOR NAME | |
| Personal name | Pepys, Samuel |
| 245 #4 - TITLE STATEMENT | |
| Title | The Diary of Samuel Pepys |
| 260 ## - PUBLICATION, DISTRIBUTION, ETC. (IMPRINT) | |
| Name of publisher | Penguin Classics |
| Year of publication | 2003 |
| 500 ## - GENERAL NOTE | |
| General note | In his diary, Pepys provides a definitive eyewitness account of the main events in 1660s English history, along with lively descriptions of his socializing, his amorous entanglements, his theatre-going and music-making. |
| 650 ## - SUBJECT ADDED ENTRY--TOPICAL TERM | |
| Topical Term | Authors, English |
| 942 ## - ADDED ENTRY ELEMENTS (KOHA) | |
| Koha item type | English Books |
| Withdrawn status | Lost status | Damaged status | Not for loan | Home library | Current library | Shelving location | Date acquired | Full call number | Accession Number | Price effective from | Koha item type |
|---|---|---|---|---|---|---|---|---|---|---|---|
| Anna Centenary Library | Anna Centenary Library | 7TH FLOOR, B WING | 18.07.2025 | 942.066092 PEP | 415456 | 18.07.2025 | English Books |